Atlas of the world's languages

Bibliographic Details
Other Authors: Asher, R. E. (Editor), Moseley, Christopher, 1950- (Editor)
Format: Book
Language:English
PhysicalDescription:400 s. fareb. mp. 42 cm
Published: London New York Routledge 2007
ISBN:0415310741 (viaz.)
9780415310741 (viaz.)
Edition:2nd ed.
Subjects:

MARC

LEADER 00000cam a2200000 a 4500
001 vtls008586846
003 SK-MaSNL
005 20260301021453.0
008 030827s2007 enkb g 001 0 eng
020 |a 0415310741 (viaz.) 
020 |a 9780415310741 (viaz.) 
040 |a SNK  |b slo  |c SNK  |e AACR2 
041 1 |a eng 
044 |a uk  |c GB 
072 7 |a 81  |x Lingvistika. Jazyky  |2 konspekt 
080 |a 81'1  |2 2001 
080 |a (084.42)  |2 2001 
080 |a (100)  |2 2001 
245 1 0 |a Atlas of the world's languages  |c general editors R. E. Asher and Christopher Moseley 
246 3 0 |a World's languages 
250 |a 2nd ed. 
260 |a London  |a New York  |b Routledge  |c 2007 
300 |a 400 s.  |b fareb. mp.  |c 42 cm 
504 |a Reg. 
650 0 7 |a lingvistika  |2 SNKPH  |9 860 
650 0 7 |a atlasy  |2 SNKPH  |9 70340 
651 7 |a krajiny sveta  |2 SNKPH  |9 253334 
700 1 |a Asher, R. E.  |4 edt  |9 310485 
700 1 |a Moseley, Christopher,  |d 1950-  |4 edt  |9 310486 
919 |a 978-0-415-31074-1 
919 |a 0-415-31074-1 
999 |c 565407  |d 567337 
952 |t snkWOR 802/809(100)  |a SNKUST  |b SNKUST  |y PREZ  |7 0  |p 17A0573379  |o snkIA 936  |i snk2007/27279  |8 3  |g 687.58  |0 0  |1 0  |4 0  |d 2007-12-17  |l 0  |r 2025-04-28 00:00:00  |w 2026-02-23